Arma la historia : primaria I : primero, segundo y tercer grados
Gespeichert in:
| Körperschaft: | |
|---|---|
| Format: | Buch |
| Sprache: | Spanisch |
| Erschienen: |
México :
Secretarí de Educación pública, Comisión Nacional de Libros de Texto Gratuitos,
2010
|
| Katalog: | MANES: Suchergebnis im Bibliothekskatalog |
| Schulbuchspezifische Eigenschaften: |
|
| Schriftenreihe: | Libro de texto gratuito
|
| Tags: |
Tag hinzufügen
Keine Tags, Fügen Sie den ersten Tag hinzu!
|
| Hinzugefügt zu: | 10.08.2011 |
| Geändert in: | 08.05.2025 |
MARC
| LEADER | 00000cam a2200000 a 4500 | ||
|---|---|---|---|
| 003 | OSt | ||
| 005 | 20250508092034.0 | ||
| 008 | 110811n2010 mx a f 000 0 spa u | ||
| 020 | |a 9786074960405 (pte. 1) |a 9786074960082 (pte 2) | ||
| 040 | |a CINV |c CINV | ||
| 050 | 0 | 4 | |a LTG LB15820 |b M49 1º-3º 2010 |
| 110 | 2 | |a Comisión Nacional de Libros de Texto Gratuitos. (México) |9 24074 | |
| 245 | 0 | 0 | |a Arma la historia : |b primaria I : primero, segundo y tercer grados |
| 260 | |a México : |b Secretarí de Educación pública, Comisión Nacional de Libros de Texto Gratuitos, |c 2010 | ||
| 300 | |a 2 v | ||
| 440 | |a Libro de texto gratuito |9 21882 | ||
| 505 | |a Arma la Historia: primaria II: cuarto quinto y sexto grados | ||
| 546 | |a México | ||
| 561 | |5 mx-CINVES |a México. DIE-Cinvestav (Ciudad de México) |k MANES | ||
| 690 | 0 | |a HI | |
| 691 | 0 | |a PRI | |
| 740 | |a Arma la Historia: primaria II: cuarto quinto y sexto grados. | ||
| 910 | |a E-37201(Pte1) |a E-37202(pte. 2) | ||
| 942 | |2 lcc |c BK | ||
| 999 | |c 54845 |d 54845 | ||
| 999 | |c manes:54845 |d 54845 | ||